000 01554cam a2200349 i 4500
001 vtls003270480
003 MY-SjTCS
005 20200226120420.0
008 151119t20152015caua b 000 0deng d
020 _a9781606064375 (hardback)
039 9 _a201809071235
_bVLOAD
_c201601211823
_dshuhada
_c201601211810
_dshuhada
_c201601211807
_dshuhada
_y201511191139
_zmalathy
040 _erda
082 0 4 _a770.7479494
_bLIG 2015
245 0 0 _aLight, paper, process :
_breinventing photography /
_cVirginia Heckert ; technical notes by Marc Harnly and Sarah Freeman.
264 1 _aLos Angeles, CA :
_bJ. Paul Getty Museum,
_c[2015]
264 4 _c©2015
300 _a163 pages, 85 numbered pages of plates :
_billustrations (black and white, and colour) ;
_c27 cm
336 _atext
_2rdacontent
336 _astill image
_2rdacontent
337 _aunmediated
_2rdamedia
338 _avolume
_2rdacarrier
500 _a"This publication is issued on the occasion of the exhibition Light, Paper, Process: Reinventing Photography, on view at the J. Paul Getty Museum at the Getty Center, Los Angeles, from April 14 to September 6, 2015."
504 _aIncludes bibliographical references.
650 0 _aPhotography, Artistic
_vExhibitions.
_941083
650 0 _aPhotography
_xTechnique
_vExhibitions.
650 0 _aPhotography
_xPrinting processes
_vExhibitions.
700 1 _aHeckert, Virginia.
_975316
700 1 _aHarnly, Marc.
_975317
700 1 _aFreeman, Sarah,
_d1971-
_975161
710 2 _aJ. Paul Getty Museum.
_960377
920 _aSABD : 221449
999 _c163946